000 00719nam a22002417a 4500
001 65645
003 UA-OsUOA
005 20201201111328.0
007 ta
008 20091202b un ||||| |||| 00| 0 ukr d
040 _aUA-OsUOA
_bukr
_cUA-OsUOA
_dUA-OsUOA
041 _aukr
080 _a82.09
090 _a82.09
_bШ24
100 _aШаповалова М. С.
245 _aШекспір в українській літературі
260 _aЛьвів
_bВища школа
_c1976
300 _a210 с.
650 7 _a82 Література. Літературознавство
_2UDC
942 _cBK
_2udc
955 _a2
999 _c351723
_d351723